| 000 | 00567nam a2200193Ia 4500 | ||
|---|---|---|---|
| 999 |
_c34570 _d34570 |
||
| 003 | OSt | ||
| 005 | 20200907111546.0 | ||
| 008 | 190216s9999||||xx |||||||||||||| ||und|| | ||
| 020 | _a9788131766279 | ||
| 040 | _coclc | ||
| 082 |
_a530.1594 _bGIO/C |
||
| 100 |
_aGiordano, Nicholas J _94464 |
||
| 245 | 0 |
_aComputational Physics / _cNicholas J Giordano ; H Nakanishi |
|
| 250 | _a2nd Ed. | ||
| 260 |
_bPearson Education Asia, _c2012. _aNew Delhi: |
||
| 300 | _a544p | ||
| 650 | _aPhysics | ||
| 942 |
_cBK _2ddc _h530.1594 _iGIO/C _k530.1594 _mGIO/C |
||